[Event "V Festival Piemonte Scacchi A"]
[Site "Torino ITA"]
[Date "2003.12.06"]
[Round "4"]
[White "Faraoni, Enrico"]
[Black "Vozza, Nicola"]
[Result "0-1"]
[WhiteElo "2182"]
[BlackElo "1735"]
[PlyCount "54"]
[EventDate "2003.12.04"]

1. e4 e5 2. d4 exd4 3. Qxd4 Nc6 4. Qe3 Nf6 5. Nc3 Be7 6. Bd2 O-O 7. O-O-O d5 8.
exd5 Nxd5 9. Qg3 Bh4 10. Qf3 Be6 11. Be3 Nxc3 12. Rxd8 Nxa2+ 13. Kb1 Raxd8 14.
Bd3 Ne5 15. Qe4 Nxd3 16. cxd3 Bf6 17. Nf3 Rfe8 18. Qa4 b5 19. Qxa7 Rxd3 20. Bc5
Red8 21. Re1 Bb3 22. Bd4 h6 23. Qxc7 Nb4 24. Rc1 Ra8 25. Ba7 Ba2+ 26. Ka1 Ra3
27. Ne5 R3xa7 0-1

[Event "V Festival Piemonte Scacchi A"]
[Site "Torino ITA"]
[Date "2003.12.06"]
[Round "4"]
[White "Ferrario, Enrico"]
[Black "Fortino, Fabrizio"]
[Result "1-0"]
[WhiteElo "1638"]
[BlackElo "1840"]
[PlyCount "39"]
[EventDate "2003.12.04"]

1. Nf3 Nf6 2. c4 e6 3. g3 b6 4. Bg2 Bb7 5. O-O Be7 6. Nc3 O-O 7. Qc2 c5 8. e4
d5 9. e5 Nfd7 10. cxd5 exd5 11. Re1 a6 12. d4 Re8 13. h4 Nf8 14. Be3 Ne6 15.
Rad1 Nc6 16. dxc5 d4 17. cxb6 Qxb6 18. Nd5 Nb4 19. Nxb4 Bxb4 20. Bd2 1-0

[Event "V Festival Piemonte Scacchi A"]
[Site "Torino ITA"]
[Date "2003.12.06"]
[Round "4"]
[White "Giacomasso, Enrico"]
[Black "Saccona, Silvano"]
[Result "1/2-1/2"]
[WhiteElo "1862"]
[BlackElo "2098"]
[PlyCount "52"]
[EventDate "2003.12.04"]

1. e4 c6 2. d4 d5 3. Nc3 dxe4 4. Nxe4 Nf6 5. Ng3 e5 6. N1e2 c5 7. dxe5 Qxd1+ 8.
Kxd1 Ng4 9. Ke1 Nxe5 10. Nc3 Be7 11. Nd5 Bd8 12. Be3 b6 13. Bf4 Nbc6 14. Kd2
O-O 15. Be2 Be6 16. Ne3 Bf6 17. Ne4 Rad8+ 18. Ke1 Be7 19. f3 Ng6 20. Bc7 Rd7
21. Bg3 f5 22. Bb5 Rc8 23. Ba6 Rf8 24. Bb5 Rc8 25. Ba6 Rcd8 26. Bb5 Rc8 1/2-1/2

[Event "V Festival Piemonte Scacchi A"]
[Site "Torino ITA"]
[Date "2003.12.06"]
[Round "4"]
[White "Martin, Tiziano"]
[Black "Dezzi, Marco"]
[Result "1-0"]
[WhiteElo "1825"]
[BlackElo "1476"]
[PlyCount "47"]
[EventDate "2003.12.04"]

1. d4 b6 2. Nf3 Bb7 3. Bf4 e6 4. e3 a6 5. Be2 d6 6. O-O Nd7 7. Nbd2 h6 8. h3 g5
9. Bh2 f5 10. c4 Ngf6 11. Qc2 Qe7 12. b4 Bg7 13. Rab1 g4 14. hxg4 Nxg4 15. c5
Nxh2 16. Nxh2 Bd5 17. Bh5+ Kd8 18. cxd6 cxd6 19. Rfc1 Qg5 20. Bf3 Bxf3 21.
Nhxf3 Qg4 22. Qc6 Ke7 23. Nc4 Rag8 24. Qxd6+ 1-0

[Event "V Festival Piemonte Scacchi A"]
[Site "Torino ITA"]
[Date "2003.12.06"]
[Round "4"]
[White "Matta, Francesca"]
[Black "Diana, Riccardo"]
[Result "0-1"]
[WhiteElo "1678"]
[BlackElo "2109"]
[PlyCount "64"]
[EventDate "2003.12.04"]

1. e4 e5 2. Nf3 Nf6 3. Nxe5 d6 4. Nf3 Nxe4 5. d4 d5 6. Bd3 Bd6 7. O-O O-O 8.
Re1 Re8 9. c4 c6 10. cxd5 cxd5 11. Nbd2 Bf5 12. Qc2 Nc6 13. Nb3 Nb4 14. Qb1 Bg6
15. a3 Nxd3 16. Qxd3 Nxf2 17. Qb5 Nd3 18. Bg5 Rxe1+ 19. Rxe1 f6 20. Re3 fxg5
21. Qxd5+ Kh8 22. Qxg5 Qxg5 23. Nxg5 Bf4 24. Rxd3 Bxd3 25. Ne6 Be3+ 26. Kh1 Bc4
27. Nbc5 b6 28. Nc7 Rf8 29. g3 bxc5 30. dxc5 Bxc5 31. b4 Bb6 32. Ne6 Bd5# 0-1

[Event "V Festival Piemonte Scacchi A"]
[Site "Torino ITA"]
[Date "2003.12.06"]
[Round "4"]
[White "Scotti, Umberto"]
[Black "Vinciguerra, Marco"]
[Result "1-0"]
[WhiteElo "2135"]
[BlackElo "2160"]
[PlyCount "75"]
[EventDate "2003.12.04"]

1. d4 c5 2. c3 Nf6 3. Nf3 e6 4. e3 Be7 5. Bd3 d5 6. O-O b6 7. Nbd2 Bb7 8. Qe2
O-O 9. e4 dxe4 10. Nxe4 Nbd7 11. Rd1 Nxe4 12. Bxe4 Qc7 13. Bg5 Bxe4 14. Bxe7
Bxf3 15. Qxf3 Rfe8 16. Bh4 cxd4 17. Rxd4 Ne5 18. Qe2 Ng6 19. Bg3 e5 20. Rd5
Rad8 21. Rad1 f6 22. Qb5 Qc8 23. Rd7 Rxd7 24. Rxd7 Ne7 25. Rxa7 Rd8 26. Qb3+
Nd5 27. h3 Kh8 28. c4 Qb8 29. Qa3 Nc7 30. Qe7 Rc8 31. Qd7 h6 32. f4 Qxa7 33.
Qxc8+ Kh7 34. fxe5 fxe5 35. Bxe5 Na6 36. Qf5+ Kh8 37. Qg6 Kg8 38. Bd4 1-0

[Event "V Festival Piemonte Scacchi A"]
[Site "Torino ITA"]
[Date "2003.12.06"]
[Round "4"]
[White "Sorcinelli, Francesco"]
[Black "Pantalone, Marcello"]
[Result "1-0"]
[WhiteElo "2122"]
[BlackElo "1963"]
[PlyCount "136"]
[EventDate "2003.12.04"]

1. d4 Nf6 2. Nc3 d5 3. Bg5 Nbd7 4. e3 e6 5. Qf3 Be7 6. O-O-O c6 7. h4 b5 8. Bd3
b4 9. Nce2 Qa5 10. Kb1 Ba6 11. Nc1 Bxd3 12. cxd3 c5 13. Nge2 O-O 14. Nb3 Qb5
15. dxc5 Nxc5 16. Ned4 Qb6 17. Nxc5 Qxc5 18. Rc1 Qd6 19. Rc6 Qd7 20. Rhc1 Rfc8
21. Qd1 Rxc6 22. Nxc6 Bd6 23. Bxf6 gxf6 24. Nxb4 Rb8 25. Nc6 Rb6 26. Qg4+ Kf8
27. Qa4 a6 28. h5 h6 29. Rc3 e5 30. Qc2 Ba3 31. Nxe5 fxe5 32. Rxa3 Rc6 33. Rc3
Rxc3 34. Qxc3 Qg4 35. a3 Qxg2 36. Qc8+ Kg7 37. Qf5 Qf1+ 38. Ka2 e4 39. dxe4
Qc4+ 40. Kb1 Qd3+ 41. Kc1 dxe4 42. Qg4+ Kh7 43. Qd1 Qc4+ 44. Kb1 Qe6 45. b4 Qf5
46. Qe2 Qd5 47. Qc2 Qxh5 48. Qxe4+ f5 49. Qe7+ Kh8 50. Qd8+ Kg7 51. a4 Qh1+ 52.
Kb2 Qe1 53. Qe7+ Kg6 54. Qd6+ Kg5 55. f4+ Kg4 56. Qg6+ Kf3 57. Qh5+ Kg3 58.
Qg6+ Kf3 59. Qc6+ Kg4 60. Qc3 Qe2+ 61. Kb3 h5 62. b5 axb5 63. a5 h4 64. a6 b4
65. Qg7+ Kf3 66. Qb7+ Kf2 67. a7 Qxe3+ 68. Kxb4 68... Qd4+ {...} 1-0

[Event "V Festival Piemonte Scacchi A"]
[Site "Torino ITA"]
[Date "2003.12.07"]
[Round "5"]
[White "Armentano, Alessio"]
[Black "Marguati, Massimiano"]
[Result "1-0"]
[WhiteElo "1867"]
[BlackElo "1632"]
[PlyCount "73"]
[EventDate "2003.12.04"]

1. e4 e6 2. d4 d5 3. e5 c5 4. c3 Nc6 5. Nf3 Bd7 6. Bd3 Rc8 7. a3 cxd4 8. cxd4
Qb6 9. O-O Nxd4 10. Nxd4 Qxd4 11. Nc3 Qxe5 12. Re1 Qd6 13. Nb5 Qb6 14. Be3 Bc5
15. Qg4 Bxe3 16. Rxe3 Ne7 17. Qb4 Rc6 18. a4 a6 19. a5 Qc5 20. Qxc5 Rxc5 21.
Nd6+ Kf8 22. Nxb7 Rc6 23. b4 Nf5 24. Ree1 Nd4 25. Rac1 Nb5 26. Rxc6 Bxc6 27.
Nc5 Ke7 28. Nxa6 Nd6 29. Rc1 Rc8 30. b5 Bb7 31. Rxc8 Bxc8 32. Nc5 Kd8 33. b6
Bd7 34. b7 Kc7 35. Nxd7 Nxb7 36. a6 Kxd7 37. a7 1-0

[Event "V Festival Piemonte Scacchi A"]
[Site "Torino ITA"]
[Date "2003.12.07"]
[Round "5"]
[White "Bjarnason, Oskar"]
[Black "Scotti, Umberto"]
[Result "1-0"]
[WhiteElo "2261"]
[BlackElo "2135"]
[PlyCount "61"]
[EventDate "2003.12.04"]

1. e4 e6 2. d4 d5 3. Nc3 Nf6 4. e5 Nfd7 5. f4 c5 6. Nf3 Nc6 7. Be3 a6 8. Qd2 b5
9. a3 Qb6 10. Ne2 c4 11. g4 Be7 12. f5 Bb7 13. Nf4 Nf8 14. fxe6 fxe6 15. g5
O-O-O 16. Bh3 Kb8 17. O-O Bc8 18. Nh5 h6 19. gxh6 gxh6 20. c3 Ng6 21. Kh1 Nh4
22. Nxh4 Bxh4 23. Rf7 Ne7 24. Rg1 Rdg8 25. Rgg7 Nf5 26. Bxf5 exf5 27. Qg2 Rxg7
28. Qxg7 Qd8 29. e6 Bg5 30. e7 Qe8 31. Bxg5 1-0

[Event "V Festival Piemonte Scacchi A"]
[Site "Torino ITA"]
[Date "2003.12.07"]
[Round "5"]
[White "Diana, Riccardo"]
[Black "Martin, Tiziano"]
[Result "1-0"]
[WhiteElo "2109"]
[BlackElo "1825"]
[PlyCount "51"]
[EventDate "2003.12.04"]

1. e4 e6 2. d4 d5 3. Nd2 dxe4 4. Nxe4 Bd7 5. Nf3 Bc6 6. Bd3 Nd7 7. O-O Ngf6 8.
Nxf6+ Nxf6 9. c3 Bxf3 10. Qxf3 c6 11. Re1 Be7 12. Bf4 O-O 13. Qh3 Re8 14. Be5
g6 15. Re3 Bf8 16. Rae1 Bg7 17. Rf3 Rf8 18. Rf4 Nd7 19. Bd6 Re8 20. Rh4 Nf6 21.
Be5 Qd5 22. g4 h6 23. Rxh6 Rad8 24. Qh4 Nh5 25. gxh5 Bxh6 26. hxg6 1-0

[Event "V Festival Piemonte Scacchi A"]
[Site "Torino ITA"]
[Date "2003.12.07"]
[Round "5"]
[White "Fassio, Luca"]
[Black "Racioppo, Paolo"]
[Result "0-1"]
[WhiteElo "2123"]
[BlackElo "2216"]
[PlyCount "104"]
[EventDate "2003.12.04"]

1. e4 g6 2. d4 Bg7 3. c3 c6 4. Nf3 d5 5. e5 Nh6 6. Bd3 O-O 7. O-O f6 8. exf6
exf6 9. Re1 Re8 10. Rxe8+ Qxe8 11. Nbd2 Bf5 12. Bxf5 Nxf5 13. Nf1 Nd7 14. Ng3
Nxg3 15. hxg3 Qe4 16. Be3 Bf8 17. Qd2 g5 18. Re1 Qg6 19. g4 Nb6 20. b3 Re8 21.
Nh2 Bd6 22. Nf1 Re7 23. Qc2 Nd7 24. Qd1 Nf8 25. Qf3 h6 26. Bd2 Rh7 27. g3 h5
28. gxh5 Rxh5 29. Ne3 Nh7 30. Nf5 g4 31. Nh6+ Rxh6 32. Qe2 Ng5 33. Bxg5 fxg5
34. Qxg4 Qh5 35. Qxh5 Rxh5 36. Re8+ Bf8 37. Re5 Kf7 38. g4 Rh3 39. Rf5+ Ke7 40.
f3 Rh6 41. Rxg5 Re6 42. Kf2 Bh6 43. Rh5 Bd2 44. Rh7+ Kd6 45. Rxb7 Bxc3 46. g5
Bxd4+ 47. Kg3 Bb6 48. f4 d4 49. f5 Re5 50. Kf4 d3 51. f6 Be3+ 52. Kf3 d2 0-1

[Event "V Festival Piemonte Scacchi A"]
[Site "Torino ITA"]
[Date "2003.12.07"]
[Round "5"]
[White "Fortino, Fabrizio"]
[Black "Catana, Costel"]
[Result "1-0"]
[WhiteElo "1840"]
[BlackElo "1870"]
[PlyCount "89"]
[EventDate "2003.12.04"]

1. e4 c5 2. c3 Nf6 3. e5 Nd5 4. d4 cxd4 5. Nf3 e6 6. cxd4 Be7 7. Bc4 Nb6 8. Bd3
Nc6 9. Nc3 a6 10. a3 d6 11. Bf4 dxe5 12. dxe5 Nd5 13. Nxd5 Qxd5 14. O-O b5 15.
Qe2 Bb7 16. Rfd1 Nd4 17. Bxb5+ Qxb5 18. Nxd4 Qxe2 19. Nxe2 Rd8 20. Rxd8+ Bxd8
21. Rd1 Bb6 22. Rd3 Bc7 23. Nc3 Ke7 24. Rg3 g6 25. Bg5+ Kd7 26. Rd3+ Kc8 27.
Bf6 Re8 28. Na4 Bd5 29. Rc3 Kb7 30. Nc5+ Ka7 31. Nxa6 Ba5 32. Nb4 Bxb4 33. axb4
Kb7 34. f3 Ra8 35. Kf2 Ra1 36. Rc2 Rd1 37. Ke2 Rh1 38. h3 h5 39. Ke3 Kb6 40.
Be7 Re1+ 41. Kf4 Rd1 42. Kg5 Re1 43. Kf6 Rh1 44. Kxf7 Rg1 45. Rf2 1-0

[Event "V Festival Piemonte Scacchi A"]
[Site "Torino ITA"]
[Date "2003.12.07"]
[Round "5"]
[White "Geuna, Giuseppe"]
[Black "Penciu, Eugen"]
[Result "1-0"]
[WhiteElo "1757"]
[BlackElo "1600"]
[PlyCount "53"]
[EventDate "2003.12.04"]

1. d4 e6 2. Nf3 d5 3. Bf4 Bd6 4. Bxd6 cxd6 5. e3 Bd7 6. c3 Nh6 7. Be2 O-O 8.
Nbd2 f5 9. Qb3 Bc6 10. O-O a6 11. a4 Qe8 12. c4 Nd7 13. cxd5 Bxd5 14. Bc4 Bxc4
15. Nxc4 Qe7 16. Qxb7 Rfb8 17. Qc7 Nf7 18. a5 Rc8 19. Qb7 Rcb8 20. Qc6 d5 21.
Nb6 Nxb6 22. axb6 Nd8 23. Qc7 Qb4 24. Rxa6 Rxa6 25. Qxb8 Qxb6 26. Qc8 Qc6 27.
Qxd8+ 1-0

[Event "V Festival Piemonte Scacchi A"]
[Site "Torino ITA"]
[Date "2003.12.07"]
[Round "5"]
[White "Giacomasso, Enrico"]
[Black "Sorcinelli, Francesco"]
[Result "0-1"]
[WhiteElo "1862"]
[BlackElo "2122"]
[PlyCount "96"]
[EventDate "2003.12.04"]

1. e4 c5 2. Nf3 Nc6 3. Bb5 g6 4. O-O Bg7 5. c3 Nf6 6. Re1 O-O 7. d4 d6 8. Bxc6
bxc6 9. dxc5 dxc5 10. Qa4 Qb6 11. Na3 Rd8 12. Be3 Qxb2 13. Bxc5 Nd7 14. Bxe7
Re8 15. Rab1 Qxc3 16. Rec1 Nb6 17. Qd1 Qa5 18. Bb4 Qh5 19. Rxc6 Bb7 20. Rc5 Qg4
21. Nd2 Qxd1+ 22. Rxd1 Bf8 23. Rb5 Bc6 24. Bxf8 Bxb5 25. Nxb5 Rxf8 26. Rb1 Rfd8
27. Nf3 Nc4 28. Rc1 Nd2 29. Nbd4 Nxf3+ 30. Nxf3 Rac8 31. Ra1 Rc2 32. g3 Rb8 33.
Nd4 Rc4 34. Nb3 Rxe4 35. Kf1 Ra4 36. Nc5 Ra3 37. g4 Rb2 38. Rd1 Raxa2 39. Rd8+
Kg7 40. Ne4 g5 41. Rd5 h6 42. Rf5 Ra4 43. Nf6 Rb6 44. Nd7 Rb1+ 45. Ke2 Rxg4 46.
Ne5 Rf4 47. Rxf4 gxf4 48. Nd3 f3+ 0-1

[Event "V Festival Piemonte Scacchi A"]
[Site "Torino ITA"]
[Date "2003.12.07"]
[Round "5"]
[White "Pantalone, Marcello"]
[Black "Ferrario, Enrico"]
[Result "0-1"]
[WhiteElo "1963"]
[BlackElo "1638"]
[PlyCount "80"]
[EventDate "2003.12.04"]

1. c4 Nf6 2. Nc3 g6 3. g3 Bg7 4. Bg2 O-O 5. e3 d6 6. Nge2 c6 7. d3 Nbd7 8. Rb1
Ne5 9. O-O Bd7 10. h3 c5 11. f4 Nc6 12. a3 Qc8 13. Kh2 h5 14. b4 Kh7 15. Nd5
Nxd5 16. cxd5 Nd8 17. Bb2 Rh8 18. Ng1 f6 19. e4 b6 20. Nf3 Nf7 21. Nh4 Nh6 22.
f5 gxf5 23. Qxh5 fxe4 24. Qg6+ Kg8 25. Qxe4 Bf8 26. Rbe1 Qe8 27. Bf3 Rh7 28.
Ng6 f5 29. Qh4 Ng4+ 30. Bxg4 Rxh4 31. gxh4 Qxg6 32. Bxf5 Bxf5 33. Rg1 Bxd3 34.
Rxg6+ Bxg6 35. Rg1 Kh7 36. Rg5 Bh6 37. Rg2 Bf4+ 38. Kg1 Be3+ 39. Kf1 Bd3+ 40.
Ke1 Rf8 0-1

[Event "V Festival Piemonte Scacchi A"]
[Site "Torino ITA"]
[Date "2003.12.07"]
[Round "5"]
[White "Saccona, Silvano"]
[Black "Banchio, Davide"]
[Result "1-0"]
[WhiteElo "2098"]
[BlackElo "1750"]
[PlyCount "39"]
[EventDate "2003.12.04"]

1. e4 e6 2. Qe2 c5 3. g3 Nc6 4. Bg2 d6 5. Nf3 Nf6 6. O-O Be7 7. c3 O-O 8. Rd1
d5 9. e5 Nd7 10. d4 cxd4 11. cxd4 f5 12. exf6 Nxf6 13. Nc3 Qb6 14. Bf4 Bd7 15.
Ne5 Nxd4 16. Rxd4 Qxd4 17. Nxd7 Nxd7 18. Qxe6+ Rf7 19. Qxd7 Bg5 20. Bxd5 1-0

[Event "V Festival Piemonte Scacchi A"]
[Site "Torino ITA"]
[Date "2003.12.07"]
[Round "5"]
[White "Vinciguerra, Marco"]
[Black "Loccisano, Giuseppe"]
[Result "1/2-1/2"]
[WhiteElo "2160"]
[BlackElo "1600"]
[PlyCount "86"]
[EventDate "2003.12.04"]

1. e4 e6 2. c4 d5 3. exd5 exd5 4. d4 Nf6 5. Bd3 dxc4 6. Bxc4 Bb4+ 7. Nc3 O-O 8.
Nge2 Re8 9. Qb3 Bxc3+ 10. bxc3 Qe7 11. Ba3 Qd7 12. d5 a6 13. Rd1 b5 14. Bd3 Qg4
15. Kf1 Nbd7 16. f3 Qh5 17. Bb1 Nb6 18. d6 cxd6 19. Bxd6 Nc4 20. Bf4 Bb7 21.
Bd3 Ne3+ 22. Bxe3 Rxe3 23. Nd4 Rae8 24. a4 Qh4 25. Be2 Bd5 26. Qb1 Rxc3 27.
axb5 axb5 28. Qxb5 Qh5 29. Kf2 Rce3 30. Rd3 Qe5 31. Qxe8+ Nxe8 32. Rxe3 Qxd4
33. Rd1 Qb6 34. Rxd5 Nf6 35. Rb5 Qa7 36. Rbe5 g6 37. Bc4 Qd4 38. Ba2 Qh4+ 39.
Kg1 Qd4 40. Bb3 Qa1+ 41. Re1 Qd4+ 42. Kh1 Qb2 43. Rb5 Kg7 1/2-1/2

[Event "V Festival Piemonte Scacchi A"]
[Site "Torino ITA"]
[Date "2003.12.07"]
[Round "5"]
[White "Vozza, Nicola"]
[Black "Pepino, Enrico"]
[Result "0-1"]
[WhiteElo "1735"]
[BlackElo "2077"]
[PlyCount "78"]
[EventDate "2003.12.04"]

1. d4 g6 2. c4 Nf6 3. Nc3 Bg7 4. e4 d6 5. f3 O-O 6. Be3 c5 7. d5 e6 8. Bd3 exd5
9. cxd5 a6 10. a4 Nbd7 11. Nge2 Rb8 12. O-O Ne5 13. h3 Nxd3 14. Qxd3 Re8 15. g4
Bd7 16. Bf4 Qc7 17. Kg2 b5 18. axb5 Bxb5 19. Nxb5 axb5 20. Ra6 Rb6 21. Rfa1 Nd7
22. Qd2 Ne5 23. Qa5 Nc4 24. Ra7 Qd8 25. Qa2 Bxb2 26. Rb1 Bg7 27. Nc1 Be5 28.
Bxe5 Nxe5 29. Nb3 Qh4 30. Rf1 Nc4 31. Qe2 h5 32. f4 hxg4 33. hxg4 Kg7 34. f5
gxf5 35. Rxf5 Ne5 36. Rh5 Qf6 37. Rf5 Qg6 38. Na5 Kg8 39. Kg3 Rf8 0-1

[Event "V Festival Piemonte Scacchi A"]
[Site "Torino ITA"]
[Date "2003.12.08"]
[Round "6"]
[White "Angioni, Gian Carlo"]
[Black "Giacomasso, Enrico"]
[Result "0-1"]
[WhiteElo "1654"]
[BlackElo "1862"]
[PlyCount "76"]
[EventDate "2003.12.04"]

1. Nc3 d5 2. e4 d4 3. Nce2 e5 4. Ng3 g6 5. d3 Bg7 6. Be2 Nc6 7. f4 h5 8. Nf3 h4
9. Nf1 Qd6 10. fxe5 Nxe5 11. Nxe5 Bxe5 12. Bg4 Be6 13. Bxe6 fxe6 14. Qg4 O-O-O
15. Bd2 Nf6 16. Qe2 Qa6 17. Bb4 c5 18. Bxc5 Qa5+ 19. b4 Qa3 20. Qd1 Rd7 21. Nd2
Qa6 22. a4 b6 23. b5 Qb7 24. Bb4 h3 25. g3 Qc7 26. Rg1 Nh5 27. Nf1 Rf7 28. Qg4
Rf6 29. O-O-O Kb7 30. Kb1 Bd6 31. Bxd6 Qxd6 32. Nd2 Qb4+ 33. Nb3 Rc8 34. e5
Rxc2 35. Qe4+ Kb8 36. Kxc2 Qc3+ 37. Kb1 Qxb3+ 38. Kc1 Qc3+ 0-1

[Event "V Festival Piemonte Scacchi A"]
[Site "Torino ITA"]
[Date "2003.12.08"]
[Round "6"]
[White "Citossi, Enzo"]
[Black "Vinciguerra, Marco"]
[Result "0-1"]
[WhiteElo "1675"]
[BlackElo "2160"]
[PlyCount "26"]
[EventDate "2003.12.04"]

1. e4 d5 2. exd5 Nf6 3. d4 Nxd5 4. Nf3 g6 5. c4 Nb6 6. Nc3 Bg7 7. Be3 O-O 8.
Qd2 Nc6 9. d5 Na5 10. Bxb6 axb6 11. b4 Nb3 12. Qb2 Nxa1 13. Qxa1 Ra3 0-1

[Event "V Festival Piemonte Scacchi A"]
[Site "Torino ITA"]
[Date "2003.12.08"]
[Round "6"]
[White "Faraoni, Enrico"]
[Black "Matta, Francesca"]
[Result "1-0"]
[WhiteElo "2182"]
[BlackElo "1678"]
[PlyCount "43"]
[EventDate "2003.12.04"]

1. d4 Nf6 2. g4 Nxg4 3. e4 d6 4. Be2 Nf6 5. Nc3 Nc6 6. d5 Ne5 7. f4 Ng6 8. Nf3
e6 9. dxe6 fxe6 10. h4 b6 11. h5 Ne7 12. h6 Bb7 13. Ng5 e5 14. Ne6 Qd7 15. hxg7
Bxg7 16. Nxg7+ Kf7 17. fxe5 dxe5 18. Bc4+ Kxg7 19. Bh6+ Kg6 20. Rg1+ Kxh6 21.
Qc1+ Kh5 22. Qg5# 1-0

[Event "V Festival Piemonte Scacchi A"]
[Site "Torino ITA"]
[Date "2003.12.08"]
[Round "6"]
[White "Fassio, Luca"]
[Black "Armentano, Alessio"]
[Result "1-0"]
[WhiteElo "2123"]
[BlackElo "1867"]
[PlyCount "81"]
[EventDate "2003.12.04"]

1. e4 e5 2. Nf3 Nc6 3. Bc4 Bc5 4. c3 Nf6 5. b4 Bb6 6. d3 d6 7. O-O h6 8. a4 a6
9. Nbd2 O-O 10. Bb3 Be6 11. Nc4 Ba7 12. Be3 Ne7 13. a5 Ng6 14. Bxa7 Rxa7 15.
Re1 Qe7 16. Ne3 Nf4 17. Bc2 Ng4 18. Nf5 Bxf5 19. exf5 Qd7 20. d4 Qb5 21. h3 Nf6
22. dxe5 N6d5 23. Ba4 Qc4 24. Bb3 Qc6 25. c4 Nc3 26. Qd2 Nfe2+ 27. Rxe2 Nxe2+
28. Qxe2 dxe5 29. Nxe5 Qf6 30. c5 Raa8 31. g4 Rae8 32. Re1 Qh4 33. Qf3 Qf6 34.
Qg3 Re7 35. f4 Rfe8 36. Rd1 h5 37. Bc2 h4 38. Qf3 Rxe5 39. fxe5 Qxe5 40. Qd3
Qf4 41. Kg2 1-0

[Event "V Festival Piemonte Scacchi A"]
[Site "Torino ITA"]
[Date "2003.12.08"]
[Round "6"]
[White "Macario, Marco"]
[Black "Pantalone, Marcello"]
[Result "0-1"]
[WhiteElo "1557"]
[BlackElo "1963"]
[PlyCount "104"]
[EventDate "2003.12.04"]

1. d4 Nf6 2. c4 c5 3. d5 e6 4. Nc3 exd5 5. cxd5 d6 6. e4 g6 7. Nf3 Bg7 8. Bd3
O-O 9. h4 a6 10. a4 Bg4 11. Bg5 h6 12. Bf4 Nh5 13. Qd2 Nxf4 14. Qxf4 Bxf3 15.
gxf3 Qf6 16. Qxf6 Bxf6 17. f4 h5 18. O-O-O Nd7 19. Rdg1 Kh7 20. Kc2 Rac8 21.
Ra1 c4 22. Be2 b6 23. Bf1 Rc7 24. Bh3 Nc5 25. Bf1 Bxc3 26. bxc3 Nxe4 27. f3 Nf6
28. Rd1 Rc5 29. Rd4 b5 30. Rg1 Rxd5 31. Rxd5 Nxd5 32. Kd2 Nxf4 33. Rg5 f5 34.
Ke3 Ne6 35. Rg2 f4+ 36. Kd2 Rf5 37. Re2 Re5 38. Rxe5 dxe5 39. axb5 axb5 40. Bh3
Nc7 41. Bd7 g5 42. Bf5+ Kh6 43. hxg5+ Kxg5 44. Be4 Kh4 45. Ke2 Kg3 46. Kf1 h4
47. Kg1 h3 48. Kh1 Ne8 49. Bc6 Nd6 50. Bd5 e4 51. Bxe4 Nxe4 52. fxe4 f3 0-1

[Event "V Festival Piemonte Scacchi A"]
[Site "Torino ITA"]
[Date "2003.12.08"]
[Round "6"]
[White "Marguati, Massimiano"]
[Black "Fortino, Fabrizio"]
[Result "1-0"]
[WhiteElo "1632"]
[BlackElo "1840"]
[PlyCount "92"]
[EventDate "2003.12.04"]

1. d4 d5 2. c4 e6 3. Nc3 Nf6 4. cxd5 exd5 5. Bg5 Be7 6. Qc2 Nc6 7. e3 a6 8. a3
O-O 9. Bd3 h6 10. Bh4 Re8 11. Nge2 Nb8 12. b4 b6 13. O-O Bb7 14. Qb2 Nbd7 15.
a4 c6 16. Rfc1 a5 17. b5 c5 18. Rd1 c4 19. Bb1 Rc8 20. Qc2 Bd6 21. Bg3 Bxg3 22.
Nxg3 Nf8 23. Qf5 Rc7 24. h3 Rce7 25. Qf3 Bc8 26. e4 dxe4 27. Ngxe4 Nxe4 28.
Bxe4 Ne6 29. Bd5 Ng5 30. Qh5 Nh7 31. Bc6 Nf6 32. Qf3 Bd7 33. d5 Re5 34. Qf4
R8e7 35. Qxc4 Bf5 36. d6 R7e6 37. Nd5 Rxd6 38. Nxf6+ Qxf6 39. Rxd6 Qxd6 40. Qb3
Be6 41. Qc2 Bf5 42. Qd1 Qg6 43. Qf3 Be4 44. Bxe4 Qxe4 45. Qd1 Rg5 46. Qf1 h5
1-0

[Event "V Festival Piemonte Scacchi A"]
[Site "Torino ITA"]
[Date "2003.12.08"]
[Round "6"]
[White "Martin, Tiziano"]
[Black "Franzolin, Marco"]
[Result "1-0"]
[WhiteElo "1825"]
[BlackElo "1675"]
[PlyCount "88"]
[EventDate "2003.12.04"]

1. d3 d5 2. c3 Nf6 3. Qc2 Bf5 4. Nd2 e6 5. e4 dxe4 6. dxe4 Bg6 7. Nh3 Bc5 8. b4
Bd6 9. f3 a5 10. b5 Nbd7 11. Nc4 Qe7 12. Qd1 O-O-O 13. Nxd6+ Qxd6 14. Bf4 e5
15. Qxd6 cxd6 16. Be3 Nc5 17. Bxc5 dxc5 18. Bc4 h6 19. Ke2 Nd7 20. Bd5 Nb6 21.
c4 Na4 22. Nf2 f6 23. Nd3 Nc3+ 24. Kd2 Nxd5 25. cxd5 b6 26. Nb2 Kb7 27. Nc4
Rhf8 28. g4 h5 29. Ke3 hxg4 30. fxg4 Rh8 31. h4 Bf7 32. Raf1 Bxd5 33. exd5 Rxd5
34. Rd1 Rhd8 35. Rxd5 Rxd5 36. g5 Rd4 37. gxf6 Rxc4 38. fxg7 Rg4 39. h5 Rxg7
40. h6 Rh7 41. Ke4 c4 42. Kxe5 c3 43. Kf6 c2 44. Kg6 Rc7 1-0

[Event "V Festival Piemonte Scacchi A"]
[Site "Torino ITA"]
[Date "2003.12.08"]
[Round "6"]
[White "Pepino, Enrico"]
[Black "Bjarnason, Oskar"]
[Result "0-1"]
[WhiteElo "2077"]
[BlackElo "2261"]
[PlyCount "58"]
[EventDate "2003.12.04"]

1. e4 d5 2. exd5 Qxd5 3. Nc3 Qa5 4. Bc4 Nf6 5. Nf3 Bg4 6. Qe2 Nc6 7. Bb5 O-O-O
8. Bxc6 bxc6 9. d3 e6 10. Bd2 Qh5 11. O-O-O Kb7 12. Ne4 Be7 13. h3 Bxf3 14.
Qxf3 Qxf3 15. gxf3 Rd5 16. Rdg1 g6 17. Bg5 Rf5 18. f4 Nd5 19. Ng3 Bxg5 20. Nxf5
Bxf4+ 21. Kd1 exf5 22. Re1 Bg5 23. c3 h5 24. Kc2 Bh4 25. Rh2 c5 26. a3 a5 27.
Kb3 Kc6 28. Kc2 a4 29. Re2 Rd8 0-1

[Event "V Festival Piemonte Scacchi A"]
[Site "Torino ITA"]
[Date "2003.12.08"]
[Round "6"]
[White "Racioppo, Paolo"]
[Black "Diana, Riccardo"]
[Result "1/2-1/2"]
[WhiteElo "2216"]
[BlackElo "2109"]
[PlyCount "115"]
[EventDate "2003.12.04"]

1. f4 Nf6 2. Nf3 c5 3. d3 Nc6 4. g3 g6 5. Bg2 Bg7 6. O-O O-O 7. e4 d6 8. c3 Rb8
9. h3 Qc7 10. g4 c4 11. g5 Nh5 12. dxc4 e5 13. Nh2 Qb6+ 14. Rf2 exf4 15. Bf3
Qc5 16. h4 Be5 17. Bxh5 gxh5 18. Qxh5 Qxc4 19. Nd2 Qe6 20. Ndf1 f5 21. g6 hxg6
22. Rg2 Kg7 23. exf5 Qxf5 24. Qf3 Rh8 25. Rg4 Be6 26. Bxf4 Qh5 27. Ng3 Qh7 28.
Rf1 Rbf8 29. h5 Bxg4 30. Qxg4 Bxf4 31. Rxf4 Rxf4 32. Qxf4 Rf8 33. Qxd6 gxh5 34.
Qd5 Qg6 35. Qg2 Kh7 36. Qh3 Ne5 37. Qxh5+ Qxh5 38. Nxh5 Nd3 39. Ng4 Nxb2 40.
Nhf6+ Kh8 41. Kh2 Na4 42. c4 Nb6 43. c5 Na4 44. Kg3 Nxc5 45. Kh4 b5 46. Kg5 Nd3
47. Kg6 b4 48. Nh6 a5 49. Nf7+ Rxf7 50. Kxf7 Nc1 51. Ke6 Nxa2 52. Kd5 a4 53.
Kc4 b3 54. Ne4 b2 55. Nd2 Kg7 56. Kb5 Nc3+ 57. Kb4 Ne4 58. Nb1 1/2-1/2

[Event "V Festival Piemonte Scacchi A"]
[Site "Torino ITA"]
[Date "2003.12.08"]
[Round "6"]
[White "Sorcinelli, Francesco"]
[Black "Ferrario, Enrico"]
[Result "0-1"]
[WhiteElo "2122"]
[BlackElo "1638"]
[PlyCount "40"]
[EventDate "2003.12.04"]

1. d3 d5 2. f4 c6 3. Nf3 Nf6 4. g3 Bg4 5. Bg2 Qb6 6. a4 a5 7. e3 Nbd7 8. h3
Bxf3 9. Qxf3 e5 10. fxe5 Nxe5 11. Qf5 Bd6 12. O-O O-O 13. Kh1 Ng6 14. Bd2 Qxb2
15. Bc3 Qxc2 16. Be1 Rae8 17. h4 Rxe3 18. h5 Ne7 19. Qg5 Qxd3 20. Ra3 Bxa3 0-1

[Event "V Festival Piemonte Scacchi A"]
[Site "Torino ITA"]
[Date "2003.12.08"]
[Round "7"]
[White "Armentano, Alessio"]
[Black "Banchio, Davide"]
[Result "1/2-1/2"]
[WhiteElo "1867"]
[BlackElo "1750"]
[PlyCount "75"]
[EventDate "2003.12.04"]

1. e4 e5 2. Nf3 Nc6 3. Bb5 a6 4. Ba4 Nf6 5. O-O Be7 6. Re1 b5 7. Bb3 O-O 8. c3
d5 9. exd5 Nxd5 10. Nxe5 Nxe5 11. Rxe5 c6 12. d4 Bd6 13. Re1 Qh4 14. g3 Qh3 15.
Be3 Bg4 16. Qd3 Rae8 17. Nd2 Re6 18. a4 f5 19. Bxd5 cxd5 20. Qf1 Qh5 21. f4
Rfe8 22. Qf2 g5 23. fxg5 f4 24. gxf4 Bh3 25. Qg3 h6 26. Bf2 hxg5 27. Qf3 Bg4
28. Qxd5 Bxf4 29. Nf1 Bf3 30. Qf5 Bg4 31. Qd5 Bf3 32. Qf5 Be4 33. Rxe4 Rxe4 34.
Ng3 Bxg3 35. Bxg3 bxa4 36. Qd5+ Kh7 37. Rf1 R4e6 38. Qf5+ 1/2-1/2